01493nam a2200349 a 4500001001000000003000500010005001700015008004100032010001100073011001100084040000900095090001000104100004200114245014200156260004100298500006000339502007700399590004000476590004000516650003800556650002700594650005700621650003300678650005400711856007000765901000700835942001000842942000600852999001900858952013100877952013501008000113269CHAP20220329144346.0170529s2016 mx a fsm |||||||spa d a109730 a110702 cCHAP aTesis1 aDurán Espinosa, Luz María913240710aDiseño de una planta empacadora de nopal verdura (Opuntia spp.) y estudio de mercado /h[En línea]cpor Luz María Durán Espinosa. aChapingo, Méx. :bEl autor,c2016. aPara ver el contenido del material haga clic en la liga aTesis (Ing. Agr. Esp. en Fitotecnia) -- UACH. Departamento de Fitotecnia aE8697GMMb05c20170529lUCH01h1141 aE8697GMMb05c20170529lUCH01h121114aNopalxComercialización.98165614aNopalxConsumo.98166014aNopalxEmpacadorasxProyectos de desarrollo.913240814aNopalxExportación.98167014aNopalxProgramas de desarrollozMéxico.9132409 aFinding aiduhttp://10.13.5.2/tesis/sist113269.pdfzTeclea aquí aBK cTESIS n0 c109730d109730 00104054718TESISaBCbBCd2017-05-29fTESISl0oTesisp113271-10r2019-12-31 00:00:00w2019-12-31yTESISzRecien adquirido 00102local4053708TESISaBCbBCcPA_TESISd2017-05-29fTESISl0oTesisp113271-20r2019-12-31 00:00:00tc.2w2019-12-31yTESIS